Հաւատարիմ զինւորը Քրիստոսի / (Record no. 533267)
[ view plain ]
| 000 -LEADER | |
|---|---|
| fixed length control field | 00739nam a2200205 a 4500 |
| 001 - CONTROL NUMBER | |
| control field | 2008861 |
| 003 - CONTROL NUMBER IDENTIFIER | |
| control field | AM-YEHGA |
| 005 - DATE AND TIME OF LATEST TRANSACTION | |
| control field | 20250617165021.0 |
| 008 - FIXED-LENGTH DATA ELEMENTS--GENERAL INFORMATION | |
| fixed length control field | 250225s1968 le ||||r|||||00||0|arm|d |
| 040 ## - CATALOGING SOURCE | |
| Original cataloging agency | AM-YeHGA |
| 041 0# - LANGUAGE CODE | |
| Language code of text/sound track or separate title | arm |
| 090 ## - LOCALLY ASSIGNED LC-TYPE CALL NUMBER (OCLC); LOCAL CALL NUMBER (RLIN) | |
| -- | 572264 |
| 100 1# - MAIN ENTRY--PERSONAL NAME | |
| Personal name | Գասարճյան, Միհրան |
| 245 10 - TITLE STATEMENT | |
| Title | Հաւատարիմ զինւորը Քրիստոսի / |
| Statement of responsibility, etc. | Միհրան եղբ․ Գասարճեան ; Հաւաքեց, համադրեց տիկ․ Հ․Մ․ Գասարճեան․ |
| 260 ## - PUBLICATION, DISTRIBUTION, ETC. | |
| Place of publication, distribution, etc. | Պէյրութ ։ |
| Name of publisher, distributor, etc. | Գալֆաեան հրատարակչատուն, |
| Date of publication, distribution, etc. | 1968․ |
| 300 ## - PHYSICAL DESCRIPTION | |
| Extent | 128 էջ |
| 650 14 - SUBJECT ADDED ENTRY--TOPICAL TERM | |
| Topical term or geographic name entry element | Քրիստոնեություն |
| 700 1# - ADDED ENTRY--PERSONAL NAME | |
| Personal name | Գասարճյան, Հ․Մ․ |
| Relator term | կազմ․ |
| Relationship | com |
| 942 ## - ADDED ENTRY ELEMENTS (KOHA) | |
| Source of classification or shelving scheme | Universal Decimal Classification |
| Koha item type | Գրքեր / Books |
| Withdrawn status | Lost status | Source of classification or shelving scheme | Damaged status | Not for loan | Collection | Home library | Current library | Date acquired | Total checkouts | Full call number | Barcode | Date last seen | Price effective from | Koha item type | Public note |
|---|---|---|---|---|---|---|---|---|---|---|---|---|---|---|---|
| Universal Decimal Classification | Edgaryan Individual Collection | Fundamental Scientific Library | Fundamental Scientific Library | 25/02/2025 | Էդգ/958 | FL0689652 | 25/02/2025 | 25/02/2025 | Գրքեր / Books | ILL Non-Circ. |
ՀՀ Գիտությունների ազգային ակադեմիայի հիմնարար գիտական գրադարան = Fundamental Scientific Library of NAS RA
All site content, except where otherwise noted, is licensed under a